| 000 | 00590nam a2200181 a 4500 | ||
|---|---|---|---|
| 001 | 000025071 | ||
| 005 | 20200930023539.0 | ||
| 008 | 110209s1948 sp abc r 000 0 spa d | ||
| 040 |
_aDO-SdBNP _bspa _cBNPHU |
||
| 082 |
_axxxx _bS113h |
||
| 100 | 1 |
_aSaba, Agustín _951445 |
|
| 245 | 1 | 0 |
_aHistoria de los papas : _bdesde San Pedro a Celestino V / _cAgustín Saba ; prólogo Bernardino Llorca. |
| 260 |
_aBarcelona, España : _bLabor, _c1948. |
||
| 300 |
_av. : _bil., mapas., retrs. ; _c27.5 cm. |
||
| 500 | _aBiblioteca v.1. | ||
| 700 | 1 |
_aLlorca, Bernardino, _epról. _951446 |
|
| 049 | _aBNGR | ||
| 999 |
_c24564 _d24564 |
||